AH International Schools' Libraries

Horrid Henry Summer Fun (Record no. 49061)

MARC details
000 -LEADER
fixed length control field 00369nam a22001217a 4500
008 - FIXED-LENGTH DATA ELEMENTS--GENERAL INFORMATION
fixed length control field 250729b |||||||| |||| 00| 0 eng d
020 ## - INTERNATIONAL STANDARD BOOK NUMBER
International Standard Book Number 9781510102163
100 ## - MAIN ENTRY--PERSONAL NAME
Personal name Francesca Simon (Author)
9 (RLIN) 86423
245 ## - TITLE STATEMENT
Title Horrid Henry Summer Fun
260 ## - PUBLICATION, DISTRIBUTION, ETC. (IMPRINT)
Place of publication, distribution, etc Great Britain
Name of publisher, distributor, etc Orion Childrens Books
Date of publication, distribution, etc 2017
300 ## - PHYSICAL DESCRIPTION
Extent 208 pages
Other physical details col. ill.
Dimensions 7.95 x 0.59 x 6.73 inches
942 ## - ADDED ENTRY ELEMENTS (KOHA)
Source of classification or shelving scheme
Holdings
Withdrawn status Lost status Source of classification or shelving scheme Damaged status Not for loan Collection code Home library Current library Date acquired Total Checkouts Full call number Barcode Date last seen Price effective from Koha item type
          Siem Reap Asian Hope Siem Reap Asian Hope Siem Reap 07/29/2025   FIC FRA 208971 07/29/2025 07/29/2025 Book

For any Logos Library related questions please contact Miss Art at swongnarasuk@asianhope.org.

For any Asian Hope Library related questions please contact Miss Raza at graza@asianhope.org.

Powered by Koha